000
00191 a2200097 4500
020
_a
9780147513731
041
_a
eng
100
_a
Green, John
245
_a
The Fault in our stars
942
_c
BK
999
_c
14403
_d
14403